90 устных тем на английском языке (Бичлэгийн дугаар. 147040)
| 000 -УДИРДЛАГА | |
|---|---|
| Удирдлага | 00571nam a22002057a 4500 |
| 003 - ХЯНАЛТЫН ТОО ТОДОРХОЙЛОГЧ | |
| Код | MN-UlNUM |
| 005 - БИЧИЛТ ХИЙСЭН ОГНОО | |
| Тухайн бичилтийг бичсэн засварласан сүүлийн огноо | 20260413161044.0 |
| 008 - ЕРӨНХИЙ МЭДЭЭЛЭЛ | |
| Ерөнхий мэдээлэл | 260413s2002 ru ||||| |||| 00| 0 rus d |
| 020 ## - ISBN | |
| ISBN | 5783604879 |
| 040 ## - БИЧЛЭГ ҮҮСГЭГЧ БАЙГУУЛЛАГА | |
| Бичлэг үүсгэгч номын сангийн код | МУИС-ийн номын сан |
| 084 ## - ББК АНГИЛАЛ | |
| Нэмэлт тусгалт | Бусад |
| ББК ангилал | 81.2 |
| Зохиогчийн гурван тэмдэгт | К 76 |
| Мэдлэгийн ялгаа | 81 - Хэл шинжлэл |
| 100 1# - ЗОХИОГЧ | |
| Зохиогчийн нэр | Кошманова И.И. |
| 245 1# - ҮНДСЭН ГАРЧИГ | |
| Номын нэр | 90 устных тем на английском языке |
| Бага гарчгийн мэдээ | 90 topics for discussion in English |
| 260 ## - ГАРАЛТЫН МЭДЭЭ | |
| Хэвлэгдсэн газар | Москва |
| Хэвлэлийн газар | Рольф |
| Хэвлэгдсэн он | 2002 |
| 300 ## - МАТЕРИАЛЫН ТОДОРХОЙЛОЛТ | |
| хуудасны тоо | 288с. ; |
| 500 ## - Тайлбар | |
| Дансны дугаар | БС 775-778 |
| 546 ## - ХЭЛНИЙ ТУХАЙ МЭДЭЭ | |
| Хэл | Англи хэл дээр, |
| 942 ## - ЭЛЕМЕНТИЙН ТӨРӨЛ | |
| Зүйлийн төрөл | Ном |
